[Event "FIDE World Bl Team Pool A"]
[Site "London ENG"]
[Date "2025.06.14"]
[Round "5.1"]
[White "Oro, Faustino"]
[Black "Nepomniachtchi, Ian"]
[Result "1/2-1/2"]
[WhiteTitle "IM"]
[BlackTitle "GM"]
[WhiteElo "2465"]
[BlackElo "2757"]
[WhiteTeam "Turkish Airlines Sports Club"]
[BlackTeam "WR Chess Team"]
[WhiteFideId "20000197"]
[BlackFideId "4168119"]
[EventDate "2025.06.14"]
[EventType "team"]

1. e4 c5 2. Nf3 d6 3. d4 cxd4 4. Nxd4 Nf6 5. Nc3 a6 6. Be3 e5 7. Nf3 Be7 8. Bc4
O-O 9. Bb3 Be6 10. O-O Qc8 11. a4 Nbd7 12. a5 Re8 13. h3 h6 14. Qe2 Qc6 15. Nd2
Rac8 16. Rfd1 Bxb3 17. cxb3 d5 18. exd5 Nxd5 19. Nxd5 Qxd5 20. Bxh6 Nf6 21. Nc4
Qb5 22. Be3 Qxb3 23. Nxe5 Bc5 24. Qc4 Qxc4 25. Nxc4 Bxe3 26. Nxe3 Re5 27. Rd4
Rb5 28. b4 b6 29. axb6 Rxb6 30. Nd5 Nxd5 31. Rxd5 Rxb4 32. Rxa6 Rbc4 33. Rd1 Rc1
34. Ra1 Rxa1 35. Rxa1 g6 36. g3 Kg7 37. Kg2 Rc3 38. Ra7 Rb3 39. Re7 Ra3 40. Re3
Ra4 41. Kf3 Rb4 42. Re4 Rb2 43. h4 Ra2 44. Rd4 Rb2 45. Ke3 Ra2 46. g4 Rb2 47.
Kf3 Ra2 48. Kg3 Ra1 49. f3 Rh1 50. Rd5 Rg1+ 51. Kh2 Rf1 52. Kg2 Ra1 53. h5 gxh5
54. Rxh5 Kg6 55. Rd5 f6 56. Kg3 Rb1 57. Rd3 Rg1+ 58. Kf2 Ra1 59. f4 Rb1 60. Rd6
Kg7 61. Kg3 Rb4 62. Ra6 Rc4 63. f5 Rc1 64. Ra7+ Kg8 65. Kf4 Rc4+ 66. Kf3 Rb4 67.
Re7 Ra4 68. Re4 Ra1 69. Rb4 Re1 70. Kf4 Rf1+ 71. Ke4 Re1+ 72. Kf3 Kg7 73. Rb7+
Kg8 74. g5 Rf1+ 75. Kg2 Rxf5 76. gxf6 Rxf6 1/2-1/2

[Event "FIDE World Bl Team Pool A"]
[Site "London ENG"]
[Date "2025.06.14"]
[Round "5.3"]
[White "Southcott-Moyers, Indy"]
[Black "Vachier-Lagrave, Maxime"]
[Result "0-1"]
[WhiteTitle "FM"]
[BlackTitle "GM"]
[WhiteElo "2289"]
[BlackElo "2736"]
[WhiteTeam "Turkish Airlines Sports Club"]
[BlackTeam "WR Chess Team"]
[WhiteFideId "488542"]
[BlackFideId "623539"]
[EventDate "2025.06.14"]
[EventType "team"]

1. d4 Nf6 2. c4 e6 3. Nf3 d5 4. Nc3 Nbd7 5. Bf4 Bb4 6. cxd5 exd5 7. e3 Nb6 8.
Bd3 Bg4 9. Qb3 a5 10. a3 Bd6 11. Bxd6 Qxd6 12. Ne5 Be6 13. O-O O-O 14. Rac1 a4
15. Qc2 c6 16. h3 Rfe8 17. Rfe1 h6 18. Ne2 Nfd7 19. Nxd7 Nxd7 20. Nf4 Nf6 21.
Qc5 Qd8 22. Qb4 Ra7 23. b3 axb3 24. Qxb3 Qa5 25. Rb1 Bc8 26. Ra1 Qc7 27. a4 Ra5
28. Qb4 g6 29. Rec1 Kg7 30. Rc5 Rxc5 31. Qxc5 Bd7 32. a5 Ra8 33. Qc3 Bc8 34. Ne2
h5 35. Nc1 h4 36. Nb3 g5 37. f3 Bxh3 38. gxh3 Qg3+ 39. Kh1 Qxh3+ 40. Kg1 Qg3+
41. Kh1 Qxf3+ 42. Kg1 Qxe3+ 43. Kh1 Qf3+ 44. Kg1 Qg3+ 45. Kh1 Ne4 0-1

[Event "FIDE World Bl Team Pool A"]
[Site "London ENG"]
[Date "2025.06.14"]
[Round "5.4"]
[White "Duda, Jan-Krzysztof"]
[Black "Lohia, Sohum"]
[Result "1-0"]
[WhiteTitle "GM"]
[BlackTitle "FM"]
[WhiteElo "2725"]
[BlackElo "2364"]
[WhiteTeam "WR Chess Team"]
[BlackTeam "Turkish Airlines Sports Club"]
[WhiteFideId "1170546"]
[BlackFideId "5819369"]
[EventDate "2025.06.14"]
[EventType "team"]

1. e4 e5 2. Nf3 Nc6 3. Bb5 a6 4. Ba4 Nf6 5. O-O d6 6. Bxc6+ bxc6 7. d4 exd4 8.
Nxd4 c5 9. Nc6 Qd7 10. Na5 Qa4 11. Nb3 Be7 12. Nc3 Qc6 13. Na5 Qd7 14. Re1 O-O
15. Bg5 h6 16. Bh4 Rb8 17. b3 Rb4 18. Nc4 Rb8 19. h3 Rd8 20. Qf3 Bb7 21. Rad1
Nh7 22. Bg3 Ng5 23. Qd3 Qe8 24. Nd5 Rbc8 25. Nce3 c6 26. Nxe7+ Qxe7 27. Nf5 Qe6
28. f4 Nh7 29. Nxd6 Rc7 30. f5 Qe7 31. e5 Rcd7 32. Qc4 Ng5 33. Qxc5 Qf8 34. Rd4
Ba8 35. Red1 a5 36. Rg4 Kh8 37. h4 Nh7 38. Rgd4 Qe7 39. Qxa5 Nf8 40. c4 c5 41.
Qxc5 Nh7 42. Qb6 Qf8 43. c5 Rb8 44. Qa5 Bc6 45. Qc3 Ra8 46. a4 Qb8 47. e6 Re7
48. Nxf7+ 1-0

[Event "FIDE World Bl Team Pool A"]
[Site "London ENG"]
[Date "2025.06.14"]
[Round "5.5"]
[White "Lu, Miaoyi"]
[Black "Hou, Yifan"]
[Result "1/2-1/2"]
[WhiteTitle "IM"]
[BlackTitle "GM"]
[WhiteElo "2452"]
[BlackElo "2633"]
[WhiteTeam "Turkish Airlines Sports Club"]
[BlackTeam "WR Chess Team"]
[WhiteFideId "8618020"]
[BlackFideId "8602980"]
[EventDate "2025.06.14"]
[EventType "team"]

1. d4 d5 2. c4 e6 3. Nc3 a6 4. Nf3 Nf6 5. Bg5 dxc4 6. a4 h6 7. Bxf6 Qxf6 8. e4
c5 9. d5 Nd7 10. Bxc4 Nb6 11. Ba2 exd5 12. exd5 Bg4 13. O-O Bxf3 14. Re1+ Be7
15. Qxf3 Qxf3 16. gxf3 Rd8 17. Re2 Kf8 18. a5 Nc8 19. Ne4 h5 20. Rc1 Rh6 21.
Nxc5 Bxc5 22. Rxc5 Nd6 23. Rc7 Re8 24. Re3 Rf6 25. Kg2 Rg6+ 26. Kf1 Rf6 27. Ke2
Rd8 28. Bb1 g6 29. Bc2 Rf4 30. Rb3 Re8+ 31. Re3 Rd8 32. Rb3 Rd4 33. Be4 Nxe4 34.
fxe4 Rxe4+ 35. Kf3 Re5 36. Rbxb7 Rf5+ 37. Ke4 Rxf2 38. b4 Re2+ 39. Kd4 Rf2 40.
Kc5 Rf5 41. Kc6 Rdxd5 42. Rxf7+ Ke8 43. Rxf5 Rxf5 44. Rb6 Rf4 45. Kc5 Rf5+ 46.
Kd6 Rf2 47. Ke6 Re2+ 48. Kf6 Rb2 49. Kxg6 h4 50. h3 Rb3 51. Kg5 Rxh3 52. Rxa6
Rb3 53. Rb6 h3 54. a6 h2 55. Rh6 Rxb4 56. Rxh2 Ra4 57. Rh6 Kd8 58. Kf5 Kc7 59.
Ke5 Kb8 60. Kd5 Ka7 61. Kc5 Rxa6 62. Rxa6+ Kxa6 1/2-1/2

[Event "FIDE World Bl Team Pool A"]
[Site "London ENG"]
[Date "2025.06.14"]
[Round "5.1"]
[White "Bjerre, Jonas Buhl"]
[Black "Eren, Ataberk"]
[Result "1/2-1/2"]
[WhiteTitle "GM"]
[BlackTitle "IM"]
[WhiteElo "2651"]
[BlackElo "2423"]
[WhiteTeam "¡Ållez-Y Initiative!"]
[BlackTeam "Satranc Istanbul"]
[WhiteFideId "1444948"]
[BlackFideId "6349765"]
[EventDate "2025.06.14"]
[EventType "team"]

1. e4 e5 2. Nf3 Nc6 3. Bb5 a6 4. Ba4 Nf6 5. d3 b5 6. Bb3 Be7 7. a4 Bb7 8. Nc3 b4
9. Ne2 d5 10. exd5 Nxd5 11. a5 O-O 12. O-O h6 13. Ng3 Re8 14. Re1 Bf8 15. Bd2
Qd7 16. Ba4 Qd6 17. Nh4 Nf4 18. Qg4 Re6 19. Ne4 Qd8 20. Bxf4 exf4 21. Bb3 Re5
22. Qxf4 Qd7 23. Nf3 Re7 24. Qg3 Kh8 25. Rad1 Rae8 26. h3 Nxa5 27. Ba2 b3 28.
Bxb3 Nxb3 29. cxb3 f5 30. Nc3 Rxe1+ 31. Rxe1 Rxe1+ 32. Nxe1 Bd6 33. Qg6 Qe7 34.
Nf3 Bc8 35. h4 Qe6 36. Qxe6 Bxe6 37. Nd4 Bd7 38. h5 c5 39. Nde2 Be6 40. d4 Bxb3
41. dxc5 Bxc5 42. Nf4 Bf7 43. Kf1 Bd4 44. Ke2 Kg8 45. Kd3 Bxf2 46. Ncd5 Bh4 47.
Nc7 a5 48. Nce6 Bf6 49. b3 Be8 50. Kc4 a4 51. bxa4 Bxa4 52. Nd5 Bh4 53. Ne3 Be8
54. Nxf5 Bf6 55. g4 g6 56. hxg6 Bxg6 57. Nxh6+ Kh7 58. Nf5 Bf7 59. Kd5 Kg6 60.
Ng3 Bg8 61. Ne4 Be7 62. Ke5 Ba3 63. Nf4+ Kf7 64. Ng5+ Kg7 65. Kf5 Bc1 66. Nh5+
Kf8 67. Ne4 Bh7+ 68. Ke5 Bb2+ 69. Kd5 Bg8+ 70. Kd6 Ba3+ 71. Ke5 Bb2+ 72. Kf4
Bc1+ 73. Kf3 Bd5 74. Nf6 Bc6 75. Kg3 Kf7 76. Kh4 Kg6 77. Kg3 Bb2 78. g5 Bxf6 79.
Nxf6 1/2-1/2

[Event "FIDE World Bl Team Pool A"]
[Site "London ENG"]
[Date "2025.06.14"]
[Round "5.2"]
[White "Makaraci, Tunahan"]
[Black "Jacobsen, Mikkel Manosri"]
[Result "0-1"]
[WhiteTitle "FM"]
[BlackTitle "FM"]
[WhiteElo "2233"]
[BlackElo "2223"]
[WhiteTeam "Satranc Istanbul"]
[BlackTeam "¡Ållez-Y Initiative!"]
[WhiteFideId "6356559"]
[BlackFideId "1444514"]
[EventDate "2025.06.14"]
[EventType "team"]

1. e4 c5 2. c3 e6 3. Nf3 d5 4. exd5 exd5 5. d4 Nc6 6. Bb5 Bd6 7. O-O Nf6 8. Bg5
O-O 9. dxc5 Bxc5 10. Bxf6 Qxf6 11. Qxd5 Bb6 12. Nbd2 Be6 13. Qg5 Qxg5 14. Nxg5
Bf5 15. Bxc6 bxc6 16. Nb3 a5 17. Nf3 a4 18. Nbd4 Be4 19. Rfe1 Rfe8 20. a3 f6 21.
Rad1 Bc5 22. h3 Kf7 23. Rd2 Bd5 24. Rde2 Reb8 25. Nh2 Rb7 26. Rd2 Rab8 27. Ree2
Bxd4 28. Rxd4 Rxb2 29. Rxb2 Rxb2 30. Ng4 Bb3 31. Rd7+ Kg6 32. Rc7 Ra2 33. Rxc6
Rxa3 34. Ne5+ Kf5 35. Nf3 Bd5 36. Rc5 Ke4 37. Nd2+ Ke5 38. c4 Rd3 39. Rxd5+ Rxd5
40. cxd5 Kxd5 41. Kf1 a3 42. Nb3 Kc4 43. Nc1 Kc3 44. Ke2 Kc2 45. Na2 Kb3 46. Kd3
Kxa2 47. Kc2 h5 48. h4 g5 49. g3 g4 50. Kc3 Kb1 51. Kd4 0-1

[Event "FIDE World Bl Team Pool A"]
[Site "London ENG"]
[Date "2025.06.14"]
[Round "5.3"]
[White "Muetsch, Annmarie"]
[Black "Eken, Atakan"]
[Result "1/2-1/2"]
[WhiteTitle "WIM"]
[WhiteElo "2271"]
[BlackElo "2010"]
[WhiteTeam "¡Ållez-Y Initiative!"]
[BlackTeam "Satranc Istanbul"]
[WhiteFideId "12971367"]
[BlackFideId "6375626"]
[EventDate "2025.06.14"]
[EventType "team"]

1. e4 Nf6 2. e5 Nd5 3. d4 d6 4. Bc4 Nb6 5. Bb3 g6 6. Nf3 Bg7 7. Qe2 d5 8. h3 O-O
9. c3 Bf5 10. Bf4 Bxb1 11. Rxb1 Qd7 12. Bc2 Na6 13. O-O c5 14. Bg3 cxd4 15. cxd4
Nb4 16. Bb3 e6 17. a3 Nc6 18. Bc2 Rac8 19. Bd3 Ne7 20. Bb5 Qd8 21. Rbc1 Nf5 22.
Bf4 Rxc1 23. Rxc1 a6 24. Bd3 Qd7 25. b3 Rc8 26. Rxc8+ Qxc8 27. Qc2 Qxc2 28. Bxc2
Bf8 29. a4 Bb4 30. Bxf5 gxf5 31. Kf1 Nd7 32. Ke2 f6 33. Kd3 fxe5 34. Nxe5 Nxe5+
35. Bxe5 Kf7 36. Ke2 Bc3 37. Kf3 b5 38. axb5 axb5 39. g4 Kg6 40. Kg3 h5 41. f3
hxg4 42. hxg4 1/2-1/2

[Event "FIDE World Bl Team Pool A"]
[Site "London ENG"]
[Date "2025.06.14"]
[Round "5.4"]
[White "Tahaoglu, Ugur Barkin"]
[Black "Loftgaard, Mikkel Vinh"]
[Result "0-1"]
[BlackTitle "FM"]
[WhiteElo "2015"]
[BlackElo "2243"]
[WhiteTeam "Satranc Istanbul"]
[BlackTeam "¡Ållez-Y Initiative!"]
[WhiteFideId "6303331"]
[BlackFideId "1468480"]
[EventDate "2025.06.14"]
[EventType "team"]

1. d4 Nf6 2. Nf3 d5 3. Bf4 e6 4. e3 c5 5. Nbd2 Nc6 6. c3 cxd4 7. exd4 Nh5 8. Be3
Bd6 9. Bb5 Nf4 10. O-O O-O 11. Re1 a6 12. Bf1 Ng6 13. c4 dxc4 14. Nxc4 Bc7 15.
Rc1 Nb4 16. Qb3 Nd5 17. Nce5 Nxe5 18. Nxe5 b5 19. a4 b4 20. Bd3 Bb7 21. Bb1 Bxe5
22. dxe5 Qh4 23. Rc4 Qh5 24. Qd3 Rfd8 25. Rd4 Rac8 26. a5 g6 27. Bd2 Bc6 28. g3
Qh3 29. Rh4 Qf5 30. Qxf5 exf5 31. Bg5 Re8 32. Rc4 Bd7 33. Rxc8 Rxc8 34. Bd3 Rc5
35. Ra1 Bb5 36. Bxb5 Rxb5 37. Bd2 Ne7 38. f4 Nc6 39. Rc1 Nxa5 40. Rc8+ Kg7 41.
Be3 Nb3 42. Ra8 a5 43. h4 h5 44. Kf2 Rb7 45. Ra6 Rc7 46. Bb6 Rc6 47. e6 Rxe6 48.
Kf3 a4 0-1

[Event "FIDE World Bl Team Pool A"]
[Site "London ENG"]
[Date "2025.06.14"]
[Round "5.5"]
[White "Jalving, August"]
[Black "Kalender, Murat Emre"]
[Result "1-0"]
[WhiteTitle "CM"]
[WhiteElo "2306"]
[BlackElo "1782"]
[WhiteTeam "¡Ållez-Y Initiative!"]
[BlackTeam "Satranc Istanbul"]
[WhiteFideId "1471759"]
[BlackFideId "34531815"]
[EventDate "2025.06.14"]
[EventType "team"]

1. e4 Nf6 2. e5 Nd5 3. d4 d6 4. Nf3 Nb6 5. h3 g6 6. c3 Bg7 7. exd6 cxd6 8. Bd3
O-O 9. O-O Nc6 10. Re1 Re8 11. Bc2 Be6 12. Nbd2 Bd5 13. Nf1 e5 14. dxe5 dxe5 15.
Ne3 Bxf3 16. Qxf3 Qe7 17. Ng4 h5 18. Nh6+ Bxh6 19. Bxh6 Rad8 20. Bb3 Na5 21. Bc2
Nd5 22. Qg3 Nc6 23. Bg5 f6 24. Bh6 g5 25. h4 g4 26. Bg6 Qe6 27. Bxh5 Kh7 28.
Bxe8 Rxe8 29. Bd2 Rg8 30. Rad1 Nce7 31. c4 Nf5 32. Qd3 Ne7 33. Bb4 Ng6 34. Qd7+
Qxd7 35. Rxd7+ Kh6 36. Bd2+ Nf4 37. g3 Nd4 38. Bxf4+ exf4 39. Rxd4 f3 40. b3 a6
41. Rd6 Kg6 42. Re4 Kf5 43. Rf4+ Ke5 44. Rfxf6 b5 45. Rde6+ Kd4 46. Rf4+ Kc3 47.
cxb5 axb5 48. h5 Rh8 49. h6 b4 50. Rxg4 Kb2 51. Rxb4 Kxa2 52. Rf4 Kxb3 53. Rxf3+ 1-0

[Event "FIDE World Bl Team Pool A"]
[Site "London ENG"]
[Date "2025.06.14"]
[Round "5.6"]
[White "Demir, Aleyna"]
[Black "McCallum, Elliot"]
[Result "1-0"]
[WhiteElo "1651"]
[BlackElo "1924"]
[WhiteTeam "Satranc Istanbul"]
[BlackTeam "¡Ållez-Y Initiative!"]
[WhiteFideId "6378323"]
[BlackFideId "2645718"]
[EventDate "2025.06.14"]
[EventType "team"]

1. e4 c5 2. Nf3 Nc6 3. d4 cxd4 4. Nxd4 Nf6 5. Nc3 e5 6. Nxc6 bxc6 7. Bc4 Bb4 8.
Qf3 O-O 9. O-O Bxc3 10. Qxc3 d5 11. exd5 cxd5 12. Bb3 d4 13. Qg3 Re8 14. Bh6 Ng4
15. Qf3 Nxh6 16. Qxa8 Qc7 17. Qe4 Bf5 18. Qe2 e4 19. Rad1 Rd8 20. h3 d3 21. cxd3
exd3 22. Qe3 g6 23. Qxh6 d2 24. Rxd2 Rxd2 25. Qxd2 Kg7 26. Rc1 Qb6 27. Qc3+ Kh6
28. Qe3+ Qxe3 29. fxe3 1-0

[Event "FIDE World Bl Team Pool A"]
[Site "London ENG"]
[Date "2025.06.14"]
[Round "5.1"]
[White "Nihal, Sarin"]
[Black "Khoury, Theo"]
[Result "1-0"]
[WhiteTitle "GM"]
[BlackTitle "CM"]
[WhiteElo "2696"]
[BlackElo "2209"]
[WhiteTeam "Ashdod Elit Chess Club"]
[BlackTeam "Chess Trust Accelerators"]
[WhiteFideId "25092340"]
[BlackFideId "480703"]
[EventDate "2025.06.14"]
[EventType "team"]

1. e4 c5 2. Nc3 d6 3. g3 Nc6 4. Bg2 g6 5. d3 Bg7 6. Be3 Rb8 7. Qd2 b5 8. h4 b4
9. Nd1 h5 10. Nh3 e6 11. Ng5 Nge7 12. O-O O-O 13. c3 bxc3 14. bxc3 Ba6 15. Rc1
Qa5 16. Qe2 Ne5 17. c4 N5c6 18. g4 hxg4 19. Qxg4 Nd4 20. h5 f5 21. Qh3 Ne2+ 22.
Kh1 Nxc1 23. Nxe6 Rf6 24. Nxg7 Kxg7 25. Bxc1 Rh8 26. h6+ Kf7 27. Bg5 Ng8 28. h7
Ne7 29. Ne3 Qd8 30. exf5 Nxf5 31. Bd5+ Kg7 32. Nxf5+ gxf5 33. Rg1 1-0

[Event "FIDE World Bl Team Pool A"]
[Site "London ENG"]
[Date "2025.06.14"]
[Round "5.2"]
[White "Verbytski, Oleg"]
[Black "Volokitin, Andrei"]
[Result "0-1"]
[BlackTitle "GM"]
[WhiteElo "1994"]
[BlackElo "2626"]
[WhiteTeam "Chess Trust Accelerators"]
[BlackTeam "Ashdod Elit Chess Club"]
[WhiteFideId "495506"]
[BlackFideId "14107090"]
[EventDate "2025.06.14"]
[EventType "team"]

1. e4 c5 2. Nf3 d6 3. d4 cxd4 4. Nxd4 Nf6 5. Nc3 a6 6. Be2 e5 7. Nb3 Be7 8. Be3
Be6 9. Bf3 Nbd7 10. a4 O-O 11. O-O Nb6 12. Nd2 Rc8 13. a5 Nc4 14. Nxc4 Rxc4 15.
Re1 Qc8 16. Qd2 Qc6 17. h3 Rc8 18. Nd5 Bd8 19. Nxf6+ Bxf6 20. c3 Bd8 21. Red1
Bc7 22. Qc2 h6 23. Qb3 Rc5 24. Qb4 Rb5 25. Qa3 Rxa5 26. Qb4 Rb5 27. Qa3 Rb3 28.
Qa4 Qxa4 29. Rxa4 Rxb2 30. h4 Bb3 31. Rb4 Bxd1 32. Rxb2 Bxf3 33. gxf3 b5 34. Ra2
Ra8 35. f4 a5 36. fxe5 dxe5 37. Bc5 Ra6 38. Rb2 a4 39. Rxb5 a3 40. Rb1 a2 41.
Ra1 Bd8 42. Bb4 Bxh4 43. Kf1 Bg5 44. Ke2 Bc1 45. Rxc1 a1=Q 46. Rxa1 Rxa1 47. c4
Ra4 48. Bc3 Rxc4 49. Kd3 Rxc3+ 0-1

[Event "FIDE World Bl Team Pool A"]
[Site "London ENG"]
[Date "2025.06.14"]
[Round "5.3"]
[White "Eljanov, Pavel"]
[Black "Zhao, George"]
[Result "1-0"]
[WhiteTitle "GM"]
[BlackTitle "CM"]
[WhiteElo "2669"]
[BlackElo "2124"]
[WhiteTeam "Ashdod Elit Chess Club"]
[BlackTeam "Chess Trust Accelerators"]
[WhiteFideId "14102951"]
[BlackFideId "494607"]
[EventDate "2025.06.14"]
[EventType "team"]

1. d4 e6 2. c4 Nf6 3. Nc3 d5 4. cxd5 exd5 5. Bg5 c6 6. e3 Bd6 7. Bd3 h6 8. Bh4
O-O 9. Nf3 Bg4 10. Qb3 b5 11. Ne5 Be6 12. O-O Be7 13. Rac1 Nfd7 14. Bxe7 Qxe7
15. f4 Nxe5 16. fxe5 Qg5 17. Rf3 Bg4 18. Rg3 h5 19. Rf1 h4 20. Rf5 Qg6 21. Nxd5
cxd5 22. Rf4 Qc6 23. Rgxg4 Qc1+ 24. Rf1 Qxe3+ 25. Kh1 Qh6 26. Qxd5 Nc6 27. Qe4
Rad8 28. Rxh4 Rxd4 29. Rxh6 Rxe4 30. Bxe4 gxh6 31. Bxc6 Rc8 32. Bxb5 Rc5 33. Ba4
Rxe5 34. Bb3 Kh8 35. Kg1 Re2 36. Rxf7 Rxb2 37. Rxa7 Rb1+ 38. Kf2 Rc1 39. Ra6 Kg7
40. h4 Rc5 41. g4 Rc8 42. h5 Rf8+ 43. Kg3 Rc8 44. Rg6+ Kh7 45. Rb6 Rc3+ 46. Kf4
Rc1 47. a4 Rf1+ 48. Ke4 Re1+ 49. Kd4 Rg1 50. Bc2+ Kg7 51. Rg6+ Kf7 52. a5 Rg2
53. Bb3+ Kf8 54. a6 Rd2+ 55. Kc5 Rd7 56. Bd5 Re7 57. Rf6+ Kg7 1-0

[Event "FIDE World Bl Team Pool A"]
[Site "London ENG"]
[Date "2025.06.14"]
[Round "5.4"]
[White "Dicen, Elis Denele"]
[Black "Smirin, Ilia"]
[Result "0-1"]
[WhiteTitle "WFM"]
[BlackTitle "GM"]
[WhiteElo "2136"]
[BlackElo "2564"]
[WhiteTeam "Chess Trust Accelerators"]
[BlackTeam "Ashdod Elit Chess Club"]
[WhiteFideId "462560"]
[BlackFideId "2801990"]
[EventDate "2025.06.14"]
[EventType "team"]

1. d4 Nf6 2. Bf4 c5 3. d5 d6 4. Nc3 e5 5. Bg5 Be7 6. Nf3 Nbd7 7. e4 h6 8. Bd2 a6
9. a4 b6 10. Bd3 O-O 11. O-O Nh5 12. Ne2 Ndf6 13. Ng3 Nf4 14. Bxf4 exf4 15. Ne2
g5 16. Nd2 Nd7 17. Nc4 Rb8 18. Na3 Ne5 19. f3 Bf6 20. c3 Bg7 21. Rc1 g4 22. fxg4
Bxg4 23. Rxf4 Qg5 24. Rf2 Nxd3 25. Qxd3 Bxe2 26. Qc2 Bg4 27. Rcf1 b5 28. axb5
axb5 29. Qd3 c4 30. Qc2 Be5 31. Kh1 Qh4 32. h3 Qg3 0-1

[Event "FIDE World Bl Team Pool A"]
[Site "London ENG"]
[Date "2025.06.14"]
[Round "5.5"]
[White "Manakova, Maria"]
[Black "Volovich, Julia"]
[Result "1-0"]
[WhiteTitle "WGM"]
[WhiteElo "2253"]
[BlackElo "1945"]
[WhiteTeam "Ashdod Elit Chess Club"]
[BlackTeam "Chess Trust Accelerators"]
[WhiteFideId "927007"]
[BlackFideId "447099"]
[EventDate "2025.06.14"]
[EventType "team"]

1. e4 e6 2. d4 d5 3. Nc3 Nf6 4. e5 Nfd7 5. f4 c5 6. Nf3 Nc6 7. Be3 a6 8. Qd2 b5
9. Bd3 b4 10. Nd1 c4 11. Bf1 Rb8 12. g3 Be7 13. Bh3 a5 14. O-O Ba6 15. c3 bxc3
16. bxc3 O-O 17. f5 exf5 18. Bxf5 g6 19. Bh3 Re8 20. e6 Nf6 21. Ng5 fxe6 22.
Bxe6+ Kg7 23. Nf7 Qc7 24. Bh6+ Kg8 25. Nd6+ Kh8 26. Nxe8 Rxe8 27. Qf4 Qxf4 28.
Bxf4 Nd8 29. Bh3 Ne4 30. Be5+ Kg8 31. Bd7 Rf8 32. Rxf8+ Bxf8 33. Rb1 Nf7 34. Be6
Ng5 35. Bxd5 Bc8 36. Rb8 Bg4 37. Ne3 Bf3 38. h4 Bxd5 39. Nxd5 Nf3+ 40. Kf2 N3xe5
41. dxe5 Nxe5 42. Ke3 Nd3 43. Kd4 Kf7 44. Kxc4 1-0

[Event "FIDE World Bl Team Pool A"]
[Site "London ENG"]
[Date "2025.06.14"]
[Round "5.6"]
[White "Kendall, Arthur"]
[Black "Sailaubay, Aldiyar"]
[Result "1-0"]
[WhiteElo "1883"]
[BlackElo "1910"]
[WhiteTeam "Chess Trust Accelerators"]
[BlackTeam "Ashdod Elit Chess Club"]
[WhiteFideId "343410960"]
[BlackFideId "13729357"]
[EventDate "2025.06.14"]
[EventType "team"]

1. c4 e5 2. Nc3 Nf6 3. Nf3 Nc6 4. e3 Bb4 5. Qc2 O-O 6. Nd5 Re8 7. Qf5 d6 8.
Nxf6+ Qxf6 9. Qxf6 gxf6 10. a3 Ba5 11. b4 Bb6 12. Bb2 Be6 13. Be2 a5 14. b5 Ne7
15. d4 Rad8 16. c5 Ba7 17. b6 cxb6 18. cxd6 1-0

[Event "FIDE World Bl Team Pool A"]
[Site "London ENG"]
[Date "2025.06.14"]
[Round "5.1"]
[White "Hong, Andrew"]
[Black "Dudin, Gleb"]
[Result "1/2-1/2"]
[WhiteTitle "GM"]
[BlackTitle "GM"]
[WhiteElo "2589"]
[BlackElo "2574"]
[WhiteTeam "FIDE MB Team"]
[BlackTeam "Global Ramblers"]
[WhiteFideId "2099438"]
[BlackFideId "34184934"]
[EventDate "2025.06.14"]
[EventType "team"]

1. e4 c5 2. Nf3 d6 3. Nc3 Nf6 4. d4 cxd4 5. Qxd4 Bd7 6. h3 Nc6 7. Qe3 e6 8. Be2
Be7 9. O-O O-O 10. Rd1 a6 11. Bf1 Qc7 12. Qe1 b5 13. a3 Rfc8 14. Bf4 Ne5 15. Qe3
Bc6 16. Bh2 Bb7 17. Rd2 h6 18. Rad1 Rd8 19. Nd4 Rac8 20. Nb3 Nfd7 21. Bf4 Nb6
22. Qg3 Kh7 23. Na5 Ba8 24. Rd4 Bf6 25. Be3 Nec4 26. Nxc4 Nxc4 27. Bxc4 bxc4 28.
Rxd6 Rxd6 29. Rxd6 Bxc3 30. bxc3 Bxe4 31. Bd4 Bg6 32. Qe5 f6 33. Qxe6 Re8 34.
Qd5 Re1+ 35. Kh2 Be4 36. Qc5 Qxc5 37. Bxc5 Bxc2 38. Rxa6 Bd3 39. Ra7 Kg8 40. a4
Re2 41. a5 Ra2 42. Bb6 Be4 43. Kg3 h5 44. h4 Kh7 45. Bc5 Kg8 46. Re7 Rxa5 47.
Rxe4 Rxc5 48. Kf3 Kf7 49. Ke3 g5 50. Kd4 Rf5 51. f3 gxh4 52. Rxh4 Rg5 53. Kxc4
Rxg2 54. Rxh5 Rg3 55. Rf5 Kg6 56. Rf4 Kg5 57. Rd4 Rxf3 58. Kb4 f5 59. c4 f4 60.
c5 Re3 61. c6 Re8 62. Kc5 Kg4 63. c7 Rc8 64. Kb6 Kg3 65. Rd8 Rxc7 66. Kxc7 f3
67. Rg8+ Kh2 68. Rf8 Kg2 69. Kd6 f2 70. Ke5 f1=Q 71. Rxf1 Kxf1 1/2-1/2

[Event "FIDE World Bl Team Pool A"]
[Site "London ENG"]
[Date "2025.06.14"]
[Round "5.2"]
[White "Shabalov, Alexander"]
[Black "Short, Nigel D"]
[Result "1-0"]
[WhiteTitle "GM"]
[BlackTitle "GM"]
[WhiteElo "2483"]
[BlackElo "2587"]
[WhiteTeam "Global Ramblers"]
[BlackTeam "FIDE MB Team"]
[WhiteFideId "2008572"]
[BlackFideId "400025"]
[EventDate "2025.06.14"]
[EventType "team"]

1. e4 e5 2. Nf3 Nc6 3. Bb5 a6 4. Ba4 d6 5. d4 b5 6. Bb3 Nxd4 7. Nxd4 exd4 8. c3
dxc3 9. Qh5 Qd7 10. Nxc3 Nf6 11. Qf3 Bb7 12. O-O Be7 13. Bg5 Qg4 14. Qe3 O-O 15.
h3 Qh5 16. f4 h6 17. Bxf6 Bxf6 18. Nd5 Bxb2 19. Rad1 Qh4 20. Kh2 Qd8 21. e5 c6
22. Nf6+ gxf6 23. Rxd6 Qa5 24. Qg3+ 1-0

[Event "FIDE World Bl Team Pool A"]
[Site "London ENG"]
[Date "2025.06.14"]
[Round "5.3"]
[White "Bologan, Victor"]
[Black "Glek, Igor"]
[Result "1-0"]
[WhiteTitle "GM"]
[BlackTitle "GM"]
[WhiteElo "2601"]
[BlackElo "2444"]
[WhiteTeam "FIDE MB Team"]
[BlackTeam "Global Ramblers"]
[WhiteFideId "13900048"]
[BlackFideId "4100484"]
[EventDate "2025.06.14"]
[EventType "team"]

1. e4 c5 2. Nf3 a6 3. g3 Nc6 4. Bg2 e5 5. O-O g6 6. d3 Bg7 7. a4 Nge7 8. Nc3 O-O
9. Nd2 d6 10. Nc4 Be6 11. Nd5 Bxd5 12. exd5 Na5 13. Nd2 b5 14. c3 c4 15. b4 cxb3
16. Nxb3 Nxb3 17. Qxb3 Qc7 18. Ba3 bxa4 19. Qxa4 Rfd8 20. Bb4 Qd7 21. Qb3 Rdb8
22. Ra5 Nf5 23. Rfa1 Qc8 24. Qc4 Qd8 25. Rxa6 Rxa6 26. Qxa6 e4 27. dxe4 Rxb4 28.
cxb4 Bxa1 29. Qxa1 Ne7 30. Qa7 Nc8 31. Qb7 Nb6 32. h4 h5 33. Qc6 Qb8 34. e5 dxe5
35. d6 Qd8 36. Bd5 Kf8 37. Bg2 Nc8 38. d7 Nb6 39. Bh3 Kg7 40. Qc8 Nxc8 41.
dxc8=Q Qd1+ 42. Bf1 1-0